Pop Artists by Song - Statistics

General Stats
  • This quiz has been taken 66 times
  • The average score is 14 of 26
Answer Stats
Hint Answer % Correct
Thank U, Next / 7 Rings Ariana Grande
90%
Umbrella / We Found Love Rihanna
90%
Cruel Summer / You Need To Calm Down Taylor Swift
90%
Abracadabra / The Dead Dance Lady GaGa
77%
Complicated / Sk8er Boi Avril Lavigne
73%
Bang Bang / Starships Nicki Minaj
73%
Locked Out Of Heaven / Treasure Bruno Mars
70%
Perfect Duet /Thinking Out Loud Ed Sheeran
70%
Ballad Of A Homeschooled Girl / Vampire Olivia Rodrigo
63%
Party 4 U / Boom Clap Charli xcx
58%
Diet Mountain Dew / Say Yes To Heaven Lana Del Rey
57%
All the Good Girls Go to Hell / TV Billie Eilish
53%
Diet Pepsi / Fame Is A Gun Addison Rae
52%
Think I'm In Love With You / Physical Dua Lipa
50%
Tornado Warnings / Never Getting Laid Sabrina Carpenter
47%
All The Stars / Broken Clocks Sza
47%
Cry Baby / Pity Party Melanie Martinez
42%
Young American Heart / Mystical Magical Benson Boone
40%
Fine Line / Best Song Ever Harry Styles
40%
When I'm Gone / this Is How We Do Katy Perry
37%
Call Me When You Break Up / Love On Selena Gomez
33%
Just Keep Watching / Blood On My Hands Tate Mcrae
33%
Meantime / Super Graphic Ultra Modern Girl Chappell Roan
27%
Everybody Wants To Rule The World / Supercut Lorde
27%
Risk / Felt Good About You Gracie Abrams
25%
See You Again / I DON'T LOVE YOU ANYMORE Tyler, The Creator
22%
No matching quizzes found
Score Distribution
Percent of People with Each Score
Percentile by Number Answered
Your Score History
You have not taken this quiz